Advent of bhagwan Ramana (Record no. 2738)
[ view plain ]
| 000 -LEADER | |
|---|---|
| fixed length control field | 00741 a2200193 4500 |
| 010 ## - LIBRARY OF CONGRESS CONTROL NUMBER | |
| LC control number | ENG-85476 |
| 020 ## - INTERNATIONAL STANDARD BOOK NUMBER | |
| Terms of availability | 75.00 |
| International Standard Book Number | 8188261351 |
| 035 ## - SYSTEM CONTROL NUMBER | |
| System control number | EN-69009 |
| 037 ## - SOURCE OF ACQUISITION | |
| Source of stock number/acquisition | D.B.Act / Pub |
| 082 14 - DEWEY DECIMAL CLASSIFICATION NUMBER | |
| Classification number | 921 |
| 090 ## - LOCALLY ASSIGNED LC-TYPE CALL NUMBER (OCLC); LOCAL CALL NUMBER (OCLC) | |
| -- | 2791 |
| -- | 2791 |
| 245 1# - TITLE STATEMENT | |
| Title | Advent of bhagwan Ramana |
| Statement of responsibility, etc | translated & edited by A.R.Natrajan |
| Remainder of title | a biography by yogi Shuddhsnsnda Bharathi |
| 260 ## - PUBLICATION, DISTRIBUTION, ETC. (IMPRINT) | |
| Place of publication, distribution, etc | Banglore |
| Date of publication, distribution, etc | 2005 |
| Name of publisher, distributor, etc | Ramana Maharishi Centre for Leaqrning |
| 270 ## - ADDRESS | |
| Address | Heritage Building, Post Office Road, Sanjay Nagar, |
| City | Banglore |
| Postal code | 560 094 |
| Telephone number | 23512639, 23514930 |
| Electronic mail address | www.ramanacentre.org |
| 300 ## - PHYSICAL DESCRIPTION | |
| Extent | v, 93 p. |
| Dimensions | 22 cm (Pbk.) |
| 700 1# - ADDED ENTRY--PERSONAL NAME | |
| Personal name | Natrajan, A. R. |
| 942 ## - ADDED ENTRY ELEMENTS (KOHA) | |
| Institution code [OBSOLETE] | dpl |
| Koha item type | English Books |
| Call number prefix | 921 / ADV |
| Withdrawn status | Lost status | Source of classification or shelving scheme | Damaged status | Not for loan | Collection code | Home library | Current library | Source of acquisition | Cost, normal purchase price | Total Checkouts | Full call number | Barcode | Date last seen | Copy number | Uniform Resource Identifier | Cost, replacement price | Price effective from | Koha item type |
|---|---|---|---|---|---|---|---|---|---|---|---|---|---|---|---|---|---|---|
| Dewey Decimal Classification | Not For Loan | Non-fiction | D.B.Act.Division | D.B.Act.Division | DBAD/PUB | 75.00 | 921 | EN-69009 | 15/09/2008 | 1 | 2928 | 75.00 | 15/09/2008 | English Books |
